000 00644nam a2200229 a 4500
008
020 _a0333677609 (pbk.)
049 _aMAIN
090 _aTA645
_bWIL
100 1 _aWilliams, M.S.
245 1 0 _aStructures :
_bTheory and analysis /
_cM.S. Williams, J.D. Todd.
260 _aHoundmills :
_bMacmillan Press,
_c2000.
300 _axv, 430 p.
_bill. ;
_c25 cm.
500 _aIncludes index.
650 _aArchitecture
650 _aBuilding structures
907 _a.b10216030
_b30-11-17
_c02-10-06
003
005 20230123134252.0
040 _cNUST
942 _cBOOKS
_kTA645
_mWIL
999 _c162968
_d162968